000 00533nam a2200205Ia 4500
001 6922
003 IVS
005 20250626030130.0
008 211022s9999 xx 000 0 und d
040 _cIVS
082 _a720 RAB
100 _aRabeea Shamsi
245 0 _aArchitecture : Metaphor, myth and metalanguage
260 _aKarachi
260 _bIndus Valley School
260 _c2001
300 _a65
856 _uhttps://drive.google.com/file/d/1BTxSBV-k4xe70nFG4ZrvULR6_srIjNDy/view?usp=sharing
942 _cDISS
_n0
_2ddc
999 _c7198
_d7198